01420cam a22003255i 4500999001700000001001000017003000900027005001700036008004100053020002200094020002300116040004500139082002100184100003400205245008900239264003900328264001000367300003700377336002600414337002800440338002700468504005100495520037400546650003800920651004100958651004100999653002501040655001701065942001201082 c27662d27633011395922EG-ScBUE20191002101629.0040209t2003 enkb f 001 0 eng d a1850655901 (pbk.) a185065588X (cased) aStDuBDSbengerdacStDuBDSdUkdEG-ScBUE04a962.402bWAR2221 aWarburg, Gabriel R.,eauthor.10aIslam, sectarianism and politics in the Sudan since the Mahdiyya /cGabriel Warburg. 1aLondon :bHurst & Company,c[2003] 4cc2003 axvii, 252 pages :bmaps ;c23 cm atextbtxt2rdacontent aunmediatedbn2rdamedia avolumebnc2rdacarrier aIncludes bibliographical references and index. a"Why another book on Islam and politics in Sudan? The unique history of Sudan's Islamic politics suggests the answer. In Warburg's view, the determination to enforce an Islamic state and an Islamic constitution on a multi-religious and multi-ethnic society has led to prolonged civil war, endless military coups and political, social and economic bankruptcy."--Jacket.  7aIslam and politicszSudan.2BUEsh 7aSudanxHistoryy19th century.2BUEsh 7aSudanxHistoryy20th century.2BUEsh bMASPPSScOctober2019 vReading book 2ddccBB